Eastern Utah Libraries Catalog: Duchesne, Heber, Roosevelt, & Vernal

Starling house / (Record no. 388629)

MARC details
000 -LEADER
fixed length control field 01809nam a22003138i 4500
001 - CONTROL NUMBER
control field BK0030355136
003 - CONTROL NUMBER IDENTIFIER
control field DLC
005 - DATE AND TIME OF LATEST TRANSACTION
control field 20231005120451.0
008 - FIXED-LENGTH DATA ELEMENTS--GENERAL INFORMATION
fixed length control field 230609s2023 nyu 000 1 eng
020 ## - INTERNATIONAL STANDARD BOOK NUMBER
International Standard Book Number 9781250799050
Terms of availability 28.99
020 ## - INTERNATIONAL STANDARD BOOK NUMBER
International Standard Book Number 1250799058
Terms of availability 28.99
040 ## - CATALOGING SOURCE
Description conventions rda
092 ## - LOCALLY ASSIGNED DEWEY CALL NUMBER (OCLC)
Classification number F
999 ## - SYSTEM CONTROL NUMBERS (KOHA)
Koha Dewey Subclass [OBSOLETE] 03903795
100 1# - MAIN ENTRY--PERSONAL NAME
Personal name Harrow, Alix E.
Relator term author.
9 (RLIN) 6384306
245 10 - TITLE STATEMENT
Title Starling house /
Statement of responsibility, etc Alix E. Harrow.
250 ## - EDITION STATEMENT
Edition statement First edition.
263 ## - PROJECTED PUBLICATION DATE
Projected publication date 2310
264 #1 - Production, Publication, Distribution, Manufacture, and Copyright Notice.
Place of production, publication, distribution, manufacture New York :
Name of producer, publisher, distributor, manufacturer Tor Publishing Group,
Date of production, publication, distribution, manufacture, or copyr 2023.
336 ## - Content Type
Content type term text
337 ## - Media type
Media type term unmediated
338 ## - Carrier type
Carrier type term volume
520 ## - SUMMARY, ETC.
Summary, etc "Eden, Kentucky, is just another dying, bad-luck town, known only for the legend of E. Starling, the reclusive nineteenth-century author and illustrator who wrote The Underland--and disappeared. Before she vanished, Starling House appeared. But everyone agrees that it's best to let the uncanny house--and its last lonely heir, Arthur Starling--go to rot. Opal knows better than to mess with haunted houses or brooding men, but an unexpected job offer might be a chance to get her brother out of Eden. Too quickly, though, Starling House starts to feel dangerously like something she's never had: a home. As sinister forces converge on Starling House, Opal and Arthur are going to have to make a dire choice: to dig up the buried secrets of the past and confront their own fears, or let Eden be taken over by literal nightmares. If Opal wants a home, she'll have to fight for it."--
655 #7 - INDEX TERM--GENRE/FORM
Genre/form data or focus term Gothic fiction
Source of term lcgft
9 (RLIN) 102700
655 #7 - INDEX TERM--GENRE/FORM
Genre/form data or focus term Novels
Source of term lcgft
776 08 - ADDITIONAL PHYSICAL FORM ENTRY
Display text Online version:
776 08 - ADDITIONAL PHYSICAL FORM ENTRY
Main entry heading Harrow, Alix E.
Title Starling house
Edition First edition.
Place, publisher, and date of publication New York : Tor Publishing Group, 2023
International Standard Book Number 9781250799074
Record control number (DLC) 2023026719
942 ## - ADDED ENTRY ELEMENTS (KOHA)
Source of classification or shelving scheme Dewey Decimal Classification
Koha item type BOOK
Holdings
Withdrawn status Lost status Source of classification or shelving scheme Damaged status Not for loan Collection code Home library Current library Shelving location Date acquired Source of acquisition Total Checkouts Total Renewals Full call number Barcode Date last seen Date checked out Cost, replacement price Price effective from Koha item type
    Dewey Decimal Classification     Fiction Wasatch County Library Wasatch County Library First Floor 03/11/2024 Donation 5 5 F Harrow 34301002081851 01/14/2026 01/06/2026 28.99 03/11/2024 BOOK
This project was made possible through a grant from the Institute of Museum and Library Service administered by the Utah State Library Division.

Wasatch County Library

  • 465 East 1200 South, Heber City, Utah 84032
  • Phone 435-654-1511 | Fax 435-654-6456

Hours

  • Monday - Friday 9:30 AM - 8:00 PM
  • Saturday 9:30 AM - 1:30 PM
  • Closed Sundays and Holidays